LEADER 01515nam a2200325 u 4500 001 000000019457 003 CaOOAMICUS 005 20110719142621.0 008 950322s1994 gw u000 u lat u 020 $a3886120511 035 $a10468204 040 $aIAR$bita 041 0 $alat$ager 100 0 $aAlbert,$cmonaco,$dsec. XIV.$0(OLS)http://pul/name/17090 245 14$aDie Weltchronik des Mönchs Albert :$b1273/77 - 1454/56 /$cherausgegeben von Rolf Sprandel. 260 $aMünchen :$bMonumenta Germaniae Historica,$c1994. 300 $a391 p. ;$c23 cm 490 1 $aMonumenta Germaniae historica.$aScriptores rerum Germanicarum.$aNova series, ;$v17 500 $aIndex: p. [331]-391. 504 $a"Quellen- und Literaturverzeichnis": p. [32]-34. 600 04$aAlbert,$cmonaco,$dsec. XIV.$tWeltchronik.$0(OLS)http://pul/subject/13118 700 1 $aSprandel, Rolf,$d1931-$0(OLS)http://pul/name/12927 830 0$aMonumenta Germaniae historica.$pScriptores rerum Germanicarum.$pNova series ;$v17.$0(OLS)http://pul/title/27557 850 $aPUL 852 $aPUL$W1$xSL Cons. Gen., Altre Classi 1$y1$m2017 A 6.17$j119353$nBK-PRI$qStampati$B27328$CPULBib$Z2$F27328 $H73397 $82 941 1 $a8 961 $aINV: 73397 996 $6020$a3886120511$9(OLS)http://pul/number/24986 996 $6245$aDie Weltchronik des Mönchs Albert :$b1273/77 - 1454/56$9(OLS)http://pul/title/27559 996 $6260$aMünchen :$bMonumenta Germaniae Historica$9(OLS)http://pul/publisher/47849 LEADER 01229nam a2200301 a 4500 001 000000137011 003 CaOOAMICUS 005 20140114141818.0 008 140114s2005 it u000 u ita r 020 $a88-15-10473-9 040 $aPUL$bita 100 1 $aGiovagnoli, Agostino,$d1952-$0(OLS)http://pul/name/5544 245 13$aIl caso Moro :$buna tragedia repubblicana /$cAgostino Giovagnoli. 260 $aBologna :$bIl Mulino,$c©2005. 300 $a382 p. ;$c22 cm. 490 1 $aBiblioteca Storica 504 $aInclude riferimenti bibliografici ed indice. 600 14$aMoro, Aldo,$d1916-1978.$0(OLS)http://pul/subject/11773 651 4$aItalia$xStoria$y1977-1978.$0(OLS)http://pul/subject/35064 830 0$aBiblioteca storica (Il Mulino).$0(OLS)http://pul/title/11345 850 $aPUL 852 $aPUL$W1$xDP1 Fondo E. Rossi$y115$m3 A 245$j157983$qFondi$B157390$CPULBib$Z2$F157390 $82 941 1 $a1 961 $aSul dorso collocazione ms. di E. Rossi: CP 79 9 996 $6020$a88-15-10473-9$9(OLS)http://pul/number/154303 996 $6245$aIl caso Moro :$buna tragedia repubblicana$9(OLS)http://pul/title/150494 996 $6260$aBologna :$bIl Mulino$9(OLS)http://pul/publisher/47928